| 000 | 00677nam a22002537a 4500 | ||
|---|---|---|---|
| 999 |
_c315117 _d315117 |
||
| 001 | 28745 | ||
| 003 | UA-OsUOA | ||
| 005 | 20200221141220.0 | ||
| 007 | ta | ||
| 008 | 20050428b un ||||| |||| 00| 0 ukr d | ||
| 020 | _a966-95901-8-3 | ||
| 040 |
_aUA-OsUOA _bukr _cUA-OsUOA _dUA-OsUOA |
||
| 041 | _aukr | ||
| 044 | _aUA | ||
| 080 | _a811.161.2 | ||
| 090 |
_a811.161.2 _bН16 |
||
| 100 | _aНагорічна О. С. | ||
| 245 |
_aДілова українська мова _bнавч. посіб. для працівників митних органів |
||
| 260 |
_aК. _bТП Прес _c2004 |
||
| 300 | _a160 с. | ||
| 650 | 7 | _2UDC | |
| 942 |
_cBK _2udc |
||
| 955 | _a2 | ||